Mrs. Nemeth Quotes! - Statistics

General Stats
  • This quiz has been taken 4 times
  • The average score is 4 of 20
Answer Stats
Hint Answer % Correct
Chewy or not ___ chewy
67%
Type of candy cookie Oreo
67%
And some of you made changed to beat the other teams in regard to weight and ___ size
67%
If we don't get to the voting time tomorrow we'll do it on ___ Wednesday
67%
The data's gonna prove "Which one survived all ___" heights
33%
It's hard for me to say who's it who's when there is no name on ___ it
33%
Guys, when I say hide them, I mean hide ___ them
33%
Oh, one more ___ thing
33%
So you'll be outside doing those kind of ___ things
33%
Alright everyone, get ___ busy
0%
What kind of ___ candy?
0%
Are there any allergies to any ___ foods
0%
We'll come back ___ in
0%
The room's kind of ___ messy
0%
Alright, so today is the last day for building repairs, ___ modifications
0%
Good ___ point
0%
So tomorrow, the only thing you need to put in there is all the data and all of ___ that
0%
We're just playing a game, there'll be for ___ that
0%
If we have time we'll have voting ___ time
0%
Did you guys find ___ yours
0%
No matching quizzes found
Score Distribution
Percent of People with Each Score
Percentile by Number Answered
Your Score History
You have not taken this quiz